"Szocreál" bál
Elmentve itt :
| Dokumentumtípus: | Cikk |
|---|---|
| Megjelent: |
1990-11-06
|
| Sorozat: | Délmagyarország
80 No. 282 |
| Kulcsszavak: | Egyetemi klub, szocreálbál |
| Online Access: | http://dmarchiv.bibl.u-szeged.hu/81597 |
| LEADER | 00400nab a2200145 i 4500 | ||
|---|---|---|---|
| 001 | delm81597 | ||
| 005 | 20190924140734.0 | ||
| 008 | 190924s1990 hu o 0|| hun d | ||
| 040 | |a SZTE Délmagyarország Archívum |b hun | ||
| 041 | |a hun | ||
| 245 | 0 | 0 | |a "Szocreál" bál |h [elektronikus dokumentum] |
| 260 | |c 1990-11-06 | ||
| 300 | |a 8 | ||
| 490 | 0 | |a Délmagyarország |v 80 No. 282 | |
| 695 | |a Egyetemi klub, szocreálbál | ||